Statistiques concernant 101 mots courants terminés en "us" en français

Cliquez ici pour prendre le quiz!

Statistiques générales

  • Ce quiz a été pris 67 fois
  • Le résultat moyen est 36 sur 101

Statistiques - réponses

DéfinitionMot% Correct
BGrand véhiculeBus
74%
UHabitudesUs
71%
AExcèsAbus
69%
JExtraitJus
69%
UPlanète à anneauxUranus
69%
VDéesse de l'amourVénus
69%
ICrise cardiaqueInfarctus
66%
PDavantagePlus
66%
FBébé en devenirFoetus
65%
VAgent infectieuxVirus
65%
LErreur involontaireLapsus
63%
OProjectileObus
63%
CConcurrent de FahrenheitCelsius
62%
JMessieJésus
62%
PAntique papierPapyrus
60%
EProgramme d'échangesErasmus
58%
LFleur ou automobileLotus
58%
ARefuge de voyageursAbribus
57%
CIl piqueCactus
57%
HOs du brasHumérus
57%
RRire crispéRictus
57%
ROs de l'avant-brasRadius
55%
RMots en imagesRébus
55%
VOpposé àVersus
55%
BDieu du vinBacchus
52%
CBallon d'eau chaudeCumulus
52%
DDinosaure célèbreDiplodocus
52%
FMarque de surgelésFindus
52%
NIl aurait vu l'avenirNostradamus
51%
CAccueille les étudiantsCampus
49%
COs ou chien de BDCubitus
49%
MMajoration de primeMalus
49%
RGroupe sanguinRhésus
49%
SEn tropSurplus
48%
TArrivéeTerminus
46%
CRichissimeCrésus
45%
FAncien Premier MinistreFabius
45%
LLong discoursLaïus
45%
NNuage épaisNimbus
45%
BBibliothèque mobileBibliobus
43%
BFils célèbreBrutus
43%
NSous-marinNautilus
43%
PSigne d'infectionPus
43%
CNuage d'orageCumulonimbus
42%
ATrou dans le siègeAnus
40%
SEn outreSus
40%
AAvionneurAirbus
38%
CPetite fleur de printempsCrocus
38%
FPoint de concentrationFocus
38%
BSupplémentBonus
37%
FArbuste de bureauFicus
35%
OPart d'une oeuvreOpus
35%
TEnergieTonus
35%
GIndividu farfeluGugus
34%
RRejetRefus
34%
CL'un d'eux nous a enfermé en 2020Coronavirus
32%
NGrain de beautéNaevus
32%
CEnsemble de textesCorpus
31%
CParcoursCursus
31%
TTerrain pentuTalus
29%
BSubstance de yaourtBifidus
26%
DRestesDétritus
26%
EPlante verte odoranteEucalyptus
26%
HBelle fleurHibiscus
26%
OS'arrête beaucoupOmnibus
26%
JDieu doubleJanus
25%
QDonné quand les comptes sont justesQuitus
25%
SCavités de la faceSinus
25%
UMatriceUtérus
25%
APrière à MarieAngelus
23%
DAu sommetDessus
23%
MSans lâcherMordicus
23%
TMaladie contagieuseTyphus
23%
CNuageCirrus
22%
NNombre limité (deux mots)Numerus clausus
22%
PManteauPardessus
22%
HCoupureHiatus
20%
CAccordConsensus
18%
POrgane de PriapePhallus
18%
BNavette fluvialeBateau-bus
17%
GChapeauGibus
17%
PIl peut être sacré, lombaire...Plexus
17%
TVille de BourgogneTournus
17%
CGénéral romainCrassus
15%
MDessinateur de BDMoebius
15%
OOeil-de-boeufOculus
14%
VJus de raisinVerjus
14%
SPrièreSanctus
11%
PPublilictéProspectus
9%
CPenseurConfucius
8%
BPeintre (1908-2001)Balthus
6%
TDictionnaireThésaurus
6%
NCaramel mouNégus
5%
PEnchainement de faitsProcessus
5%
BPetit meubleBibus
3%
BSiège moderneBlocus
3%
PPapillonPhébus
3%
AUtilitaire de sécuritéAntivirus
2%
BEmpereurBasileus
2%
APlante ornementaleAsparagus
0%
MJusqu'à 10 on peut l'emprunterMicrobus
0%

Distribution des résultats

Percentile par nombre de réponses

% des personnes avec chaque résultat

Votre développement - résultats

Vous n’avez pas pris ce quiz